000 00829nam a2200253Ia 4500
003 OSt
005 20220923212632.0
006 a|||||r|||| 00| 0
007 ta
008 220922b |||||||| |||| 00| 0 hin d
024 _a154,762
037 _cTextual
040 _aARTS
_cARTS
_bhin
041 _2hin
_ahin
082 _aO1520v7,3:g, L9
100 _aओझा, जगन्नाथ
245 0 _aहिन्दी उपन्यास और शरतचन्द्र
246 _aHindī upanyās aur sharatachandra
260 _aपटना
_b अनुपम प्रकाशन
_c1979
300 _a291 पृ.
_ccm.
650 _aहिन्दी साहित्य
_9156264
942 _hO1520v7,3:g, L9
_cTEXL
_2CC
999 _c310384
_d310384